| 000 | 01061cad a22002295a 4500 | ||
|---|---|---|---|
| 001 | L152535 | ||
| 008 | 110325s2011 xxk f 000 0 eng d | ||
| 020 | _a9781845328429 | ||
| 035 | _a(Sirsi) u152535 | ||
| 041 | 0 | _aeng | |
| 110 | 2 |
_aUnited Kingdom _bHM Treasury |
|
| 245 | 0 | 4 |
_aThe plan for growth _h[electronic resource] |
| 260 |
_aLondon _bHM Treasury _c2011 |
||
| 520 | _aLaunched at the Budget 2011, this report outlines radical reforms in areas that act as barriers to enterprise; construction will benefit; radical changes to the planning system; public sector funding; government procurement; construction projects; regulatory requirements for zero carbon homes; economic policy. | ||
| 590 | _aKA NTK | ||
| 651 | 4 |
_aUnited Kingdom _y |
|
| 690 |
_aProcurement _96260 |
||
| 690 | _aBUILT ENVIRONMENT-CONSTRUCTION MARKET | ||
| 710 | 1 |
_aUnited Kingdom _bDepartment for Business, Innovation and Skills _95760 |
|
| 856 | 4 | 0 |
_uhttps://cdn.hm-treasury.gov.uk/2011budget_growth.pdf _zView the document free of charge at www.hm-treasury.gov.uk |
| 942 | _n0 | ||
| 999 |
_c112098 _d112098 |
||